Vivienda social : miradas actuales a retos recientes /

Guardado en:
Detalles Bibliográficos
Autor principal: Tarchópulos Sierra, Doris (ed.)
Formato: Libro
Idioma:Español
Publicado: Bogotá, Colombia : Pontificia Universidad Javeriana, Facultad de Arquitectura y Diseño : Instituto de Vivienda y Urbanismo, 2003, c2003
Colección:(Biblioteca del Profesional)
Temas:
Etiquetas: Agrega una etiqueta
Sin etiquetas, Sé el primero en etiquetar este registro!

MARC

LEADER 00000nam^a2200000^a^4500
001 000166001
005 20250521000000.0
009 20260310101039.006
020 |a 958-683-564-2 
037 |a Acervo ITESO - Biblioteca 
041 |a ESP 
082 |a 711. 409861063  |b TAR 
100 |a Tarchópulos Sierra, Doris  |e (ed.) 
245 1 0 |a Vivienda social :  |b miradas actuales a retos recientes /  |c Ed. e introd. de D. Tarchópulos Sierra ; presen. de Alvaro Botero Escobar. 
264 4 |a Bogotá, Colombia :  |b Pontificia Universidad Javeriana, Facultad de Arquitectura y Diseño :  |b Instituto de Vivienda y Urbanismo,  |c 2003, c2003 
300 |a 169 p. 
336 |a texto  |b txt  |2 rdacontenido 
337 |a sin mediación  |b n  |2 rdamedio 
338 |a volumen  |b nc  |2 rdasoporte 
440 1 |a (Biblioteca del Profesional) 
649 |a XX 
650 |a Vivienda de Interés Social -  |z Colombia -  |x Historia -  |y Siglo XX 
650 |a Vivienda -  |z Colombia -  |x Historia -  |y Siglo XX 
650 |a Asentamientos Humanos -  |z Colombia -  |x Historia -  |y Siglo XX 
650 |a Problemática Habitacional -  |z Colombia -  |x Historia -  |y Siglo XX 
650 |a Problemas Sociales -  |z Colombia -  |x Historia -  |y Siglo XX 
650 |a Política Urbana -  |z Colombia -  |x Historia -  |y Siglo XX 
650 |a Desarrollo Urbano -  |z Colombia -  |x Historia -  |y Siglo XX 
650 |a Política Urbana -  |z Colombia -  |x Historia -  |y Siglo XX 
650 |a Arquitectura Colombiana -  |y Siglo XX 
650 |a Urbanismo -  |z Colombia -  |x Historia -  |y Siglo XX 
910 |a Fondo General 
920 |a Impresos - Libros 
930 |a Colección General 
905 |a 101 
901 |a 0500101239  |b IT1  |c ACC  |u 20250521 
902 |a https://opac.biblio.iteso.mx/vufind/Record/000166001